000 00471nam a2200169Ia 4500
008 190509s9999 xx 000 0 und d
100 _aMarano, Hara Estoff
245 _aCharacters turn/
245 _cHara Estoff Marano
260 _bSussex Publisher
260 _c2018
300 _aPages 52-61, July/August 2018
440 _aPsychology Today: Turning Points
_v1/2/1900 3:04:00 AM
650 _acharacter
650 _apersonality
650 _asocial cognition
999 _c361821
_d361821